Le chemin du retour / (Record no. 6608)
[ view plain ]
| 000 -LEADER | |
|---|---|
| fixed length control field | 00903nam a22002657i 4500 |
| 003 - CONTROL NUMBER IDENTIFIER | |
| control field | URS |
| 005 - DATE AND TIME OF LATEST TRANSACTION | |
| control field | 20220114152442.0 |
| 008 - FIXED-LENGTH DATA ELEMENTS--GENERAL INFORMATION | |
| fixed length control field | 160913b xxu||||| |||| 00| 0 eng d |
| 010 ## - LIBRARY OF CONGRESS CONTROL NUMBER | |
| LC control number | 74186839 |
| 015 ## - NATIONAL BIBLIOGRAPHY NUMBER | |
| National bibliography number | Be*** |
| 040 ## - CATALOGING SOURCE | |
| Original cataloging agency | DLC |
| Description conventions | rda |
| Transcribing agency | DLC |
| Modifying agency | DLC |
| Language of cataloging | eng |
| 050 00 - LIBRARY OF CONGRESS CALL NUMBER | |
| Classification number | PQ2662.A865 |
| Item number | Si8 2010 |
| 100 1# - MAIN ENTRY--PERSONAL NAME | |
| Personal name | Bauwens, Claude. |
| 245 13 - TITLE STATEMENT | |
| Title | Le chemin du retour / |
| Statement of responsibility, etc. | Claude Bauwens. |
| 264 #1 - PRODUCTION, PUBLICATION, DISTRIBUTION, MANUFACTURE, AND COPYRIGHT NOTICE | |
| Place of production, publication, distribution, manufacture | Bruxelles : |
| Name of producer, publisher, distributor, manufacturer | H. Fagne, |
| Date of production, publication, distribution, manufacture, or copyright notice | [1973] |
| 300 ## - PHYSICAL DESCRIPTION | |
| Extent | [23] pages ; |
| Dimensions | 26cm |
| 336 ## - CONTENT TYPE | |
| Content type term | text |
| Content type code | txt |
| Source | rdacontent |
| 337 ## - MEDIA TYPE | |
| Media type term | unmediated |
| Media type code | n |
| Source | rdamedia |
| 338 ## - CARRIER TYPE | |
| Carrier type term | volume |
| Carrier type code | nc |
| Source | rdacarrier |
| 490 0# - SERIES STATEMENT | |
| Series statement | Espaces |
| 500 ## - GENERAL NOTE | |
| General note | Poems. |
| 500 ## - GENERAL NOTE | |
| General note | "Il a été tiré dix exemplaires sur Hollande van Gelder numérotés de 1 à 10 et trois cents exemplaires sur bouffant d'édition non numérotés, le tout constituant d'édition originale." |
| 906 ## - LOCAL DATA ELEMENT F, LDF (RLIN) | |
| a | 7 |
| b | cbc |
| c | orignew |
| d | 3 |
| e | ncip |
| f | 19 |
| g | y-gencatlg |
| 942 ## - ADDED ENTRY ELEMENTS (KOHA) | |
| Source of classification or shelving scheme | Dewey Decimal Classification |
| Koha item type | Foreign Books |
| Withdrawn status | Source of classification or shelving scheme | Damaged status | Not for loan | Collection code | Home library | Current library | Shelving location | Date acquired | Total Checkouts | Full call number | Barcode | Date last seen | Copy number | Price effective from | Koha item type |
|---|---|---|---|---|---|---|---|---|---|---|---|---|---|---|---|
| Library of Congress Classification | Non-fiction | Pililla College Library | Pililla College Library | General Stacks | 09/13/2016 | 841/.9/14 Si8 2010 supplement | URSPIL-2551 | 07/24/2018 | 1 | 09/13/2016 | Foreign Books | ||||
| Library of Congress Classification | Non-fiction | Pililla College Library | Pililla College Library | General Stacks | 09/13/2016 | 841/.9/14 Si8 2010 supplement | URSPIL-2552 | 07/24/2018 | 2 | 09/13/2016 | Foreign Books |